| 000 | 00667nam a2200181Ia 4500 | ||
|---|---|---|---|
| 008 | 151202s9999||||xx |||||||||||||| ||und|| | ||
| 082 | _bPNVM-46030 | ||
| 100 | _aव्हटकर यशवंत. | ||
| 245 | _aगुन्हेगारांच्या मागावर. | ||
| 260 | _bग्रंथाली प्रकाशन. | ||
| 260 | _c2004 | ||
| 300 | _a168 | ||
| 600 | _aव्हटकर यशवंत. | ||
| 630 | _aगुन्हेगारांच्या मागावर. | ||
| 700 | _aव्हटकर यशवंत. | ||
| 730 | _aगुन्हेगारांच्या मागावर. | ||
| 942 | _cBOOK | ||
| 999 |
_c1311980 _d1311977 |
||